000 00335nam a2200133Ia 4500
005 20260326100035.0
008 260326s9999||||xx |||||||||||||| ||und||
100 _aCirici i Pellicer, Alexandre
245 0 _aEl Barroquismo /
_cAlexandre Cirici i Pellicer
260 _bRamón Sopena
300 _a231 p.
650 _aARTE
942 _cBK
999 _c6760
_d6760